000 00549nam a2200181Ia 4500
008 090123s9999 xx 000 0 und d
082 _b38330
100 _aगोडबोले अशोक
245 _aकोर्टमार्शल
250 _a1
260 _bशिवम प्रकाशन
_c2005
300 _a152
600 _aगोडबोले अशोक
630 _aकोर्टमार्शल
700 _aगोडबोले अशोक
730 _aकोर्टमार्शल
942 _cBOOK
999 _c76397
_d76397